Population dynamics in prehistory and early history (Record no. 193257)
[ view plain ]
| 000 -LEADER | |
|---|---|
| fixed length control field | 01660nam a2200421 a 4500 |
| 082 04 - DEWEY DECIMAL CLASSIFICATION NUMBER | |
| Classification number | 599.9 |
| 245 00 - TITLE STATEMENT | |
| Title | Population dynamics in prehistory and early history |
| 260 ## - PUBLICATION, DISTRIBUTION, ETC. (IMPRINT) | |
| Place of publication | Boston : |
| Name of publisher | De Gruyter, |
| Year of publication | c2012. |
| 300 ## - PHYSICAL DESCRIPTION | |
| Number of Pages | x, 353 p. : |
| Other physical details | ill. (some col.), maps. |
| 490 1# - SERIES STATEMENT | |
| Series statement | Topoi : Berlin studies of the ancient world, |
| 650 #0 - SUBJECT ADDED ENTRY--TOPICAL TERM | |
| Topical Term | Anthropology, Prehistoric. |
| Topical Term | Ethnoarchaeology. |
| Topical Term | Population genetics. |
| Topical Term | Evolutionary genetics. |
| Topical Term | Population biology. |
| Topical Term | Stable isotopes. |
| 700 1# - ADDED ENTRY--PERSONAL NAME | |
| Personal name | Burger, Joachim. |
| Personal name | Kaiser, Elke. |
| Personal name | Schier, Wolfram. |
| 856 40 - ELECTRONIC LOCATION AND ACCESS | |
| Uniform Resource Identifier | http://site.ebrary.com/lib/rucke/Doc?id=10606398 |
No items available.
